000 00360nam a2200145Ia 4500
008 210716s2015 xx 000 0 und d
020 _a9788120347502
041 _aeng
082 _a338.04 NANH
100 _aNandan, H.
245 _aFundamentals of entrepreneurship.
250 _a3
260 _aNew Delhi
_bPHI Learning Pvt Ltd
_c2015
300 _axi,267
999 _c209888
_d209888